<?xml version="1.0" encoding="UTF-8"?>
<record
    xmlns:xsi="http://www.w3.org/2001/XMLSchema-instance"
    xsi:schemaLocation="http://www.loc.gov/MARC21/slim http://www.loc.gov/standards/marcxml/schema/MARC21slim.xsd"
    xmlns="http://www.loc.gov/MARC21/slim">

  <leader>01276njm a22002897a 4500</leader>
  <controlfield tag="005">20100913132047.0</controlfield>
  <controlfield tag="006">a|||||r|||||00| 0 </controlfield>
  <controlfield tag="007">sd ammalaaahaa</controlfield>
  <controlfield tag="008">100901t        xxu||||| |||| 00| 0 eng d</controlfield>
  <datafield tag="028" ind1=" " ind2=" ">
    <subfield code="a">TAE 1488</subfield>
    <subfield code="b">Angel Records</subfield>
  </datafield>
  <datafield tag="035" ind1=" " ind2=" ">
    <subfield code="a">GR-02136</subfield>
  </datafield>
  <datafield tag="040" ind1=" " ind2=" ">
    <subfield code="a">SED</subfield>
    <subfield code="c">SED</subfield>
  </datafield>
  <datafield tag="100" ind1=" " ind2=" ">
    <subfield code="a">Mohammad Rafi</subfield>
    <subfield code="9">17891</subfield>
  </datafield>
  <datafield tag="245" ind1=" " ind2=" ">
    <subfield code="a">Amar /</subfield>
    <subfield code="c">by Mohammad Rafi and Chorus; music by Naushad; lyric by Shakeel Badayuni</subfield>
    <subfield code="h">[Sound recording]</subfield>
  </datafield>
  <datafield tag="246" ind1=" " ind2=" ">
    <subfield code="a">&#x905;&#x92E;&#x930; / &#x92E;&#x94B;&#x939;&#x92E;&#x94D;&#x92E;&#x926; &#x930;&#x92B;&#x93C;&#x940; &#x926;&#x94D;&#x935;&#x93E;&#x930;&#x93E; </subfield>
  </datafield>
  <datafield tag="260" ind1=" " ind2=" ">
    <subfield code="a">DUM DUM, India</subfield>
    <subfield code="b">Angel Records</subfield>
    <subfield code="c">1968</subfield>
  </datafield>
  <datafield tag="300" ind1=" " ind2=" ">
    <subfield code="a">1 Sound disc [Gramophone Recording] :</subfield>
    <subfield code="b">analog, 45 rpm</subfield>
    <subfield code="c">7 in. (SP)</subfield>
    <subfield code="f">Gramophone Record</subfield>
  </datafield>
  <datafield tag="500" ind1=" " ind2=" ">
    <subfield code="a">Brief record</subfield>
  </datafield>
  <datafield tag="500" ind1=" " ind2=" ">
    <subfield code="a">Record Labels : Angel Records, Purpal</subfield>
  </datafield>
  <datafield tag="505" ind1=" " ind2=" ">
    <subfield code="a">Side-1 &#x907;&#x928;&#x94D;&#x938;&#x93E;&#x92B; &#x915;&#x93E; &#x92E;&#x902;&#x926;&#x93F;&#x930; &#x939;&#x948; (Insan ka mandir hai) (Mohammad Rafi and Chorus) --Side-2 &#x91C;&#x93E;&#x928;&#x947;&#x935;&#x93E;&#x932;&#x947; &#x938;&#x947; &#x92E;&#x941;&#x932;&#x93E;&#x915;&#x93E;&#x924; (Jaanewale se mulakat) (Lata Mangeshkar)</subfield>
  </datafield>
  <datafield tag="600" ind1=" " ind2=" ">
    <subfield code="a">Mohammad Rafi</subfield>
    <subfield code="9">19718</subfield>
  </datafield>
  <datafield tag="650" ind1=" " ind2=" ">
    <subfield code="a">Film Songs</subfield>
    <subfield code="x">Excerpts</subfield>
    <subfield code="z">India</subfield>
    <subfield code="9">17892</subfield>
  </datafield>
  <datafield tag="700" ind1=" " ind2=" ">
    <subfield code="a">Naushad</subfield>
    <subfield code="9">19652</subfield>
  </datafield>
  <datafield tag="700" ind1=" " ind2=" ">
    <subfield code="a">Shakeel Badayuni</subfield>
    <subfield code="9">19653</subfield>
  </datafield>
  <datafield tag="942" ind1=" " ind2=" ">
    <subfield code="2">ddc</subfield>
    <subfield code="c">GR</subfield>
  </datafield>
  <datafield tag="999" ind1=" " ind2=" ">
    <subfield code="c">45394</subfield>
    <subfield code="d">45394</subfield>
  </datafield>
  <datafield tag="952" ind1=" " ind2=" ">
    <subfield code="0">0</subfield>
    <subfield code="1">0</subfield>
    <subfield code="2">ddc</subfield>
    <subfield code="4">0</subfield>
    <subfield code="7">1</subfield>
    <subfield code="8">NFIC</subfield>
    <subfield code="a">L</subfield>
    <subfield code="b">L</subfield>
    <subfield code="d">2010-09-13</subfield>
    <subfield code="e">SED/VEN</subfield>
    <subfield code="l">0</subfield>
    <subfield code="p">GR-02136</subfield>
    <subfield code="r">2010-09-13 00:00:00</subfield>
    <subfield code="t">1</subfield>
    <subfield code="w">2010-09-13</subfield>
    <subfield code="y">GR</subfield>
  </datafield>
</record>
